The phoenix girl / (Record no. 169693)

MARC details
000 -LEADER
fixed length control field 00558 a2200193 4500
005 - DATE AND TIME OF LATEST TRANSACTION
control field 20191129123920.0
010 ## - LCCN (DPL NO)
LC control number B-731100
020 ## - INTERNATIONAL STANDARD BOOK NUMBER
Terms of availability 350.00
International Standard Book Number 9788191043747
035 ## - SYSTEM CONTROL NUMBER
System control number B-731100
037 ## - SOURCE OF ACQUISITION
Source of stock number/acquisition Swati academy
Stock number dpl
082 ## - DEWEY DECIMAL CLASSIFICATION NUMBER
Classification number N
100 ## - MAIN ENTRY--PERSONAL NAME
Personal name Potdar, Manohar
245 ## - TITLE STATEMENT
Title The phoenix girl /
Statement of responsibility, etc by Manohar Potdar
260 ## - PUBLICATION, DISTRIBUTION, ETC. (IMPRINT)
Place of publication, distribution, etc Delhi
Name of publisher, distributor, etc Swati Academy
Date of publication, distribution, etc 2018
270 ## - ADDRESS
Address B-5/263, Yamuna Vihar
City Delhi
Postal code 110 053
300 ## - PHYSICAL DESCRIPTION
Extent 303p.
Dimensions 22 cm ( Hb.)
942 ## - ADDED ENTRY ELEMENTS (KOHA)
Institution code [OBSOLETE] dpl
Item type English Books
Source of classification or shelving scheme Dewey Decimal Classification
Classification part N
Call number suffix POT
Holdings
Withdrawn status Lost status Not for loan Collection code Home library Current library Date acquired Source of acquisition Cost, normal purchase price Full call number Barcode Copy number Cost, replacement price Koha item type
      Non-fiction Central Library Central Library 29/11/2019 Gift/ Eng./13.11.2019 350.00 N POT B-731100 1 350.00 English Books

© Delhi Public Library
Hit Counter
free hit counter